Lea en colores

Gorde:
Xehetasun bibliografikoak
Egile Nagusiak: Riquelme S., Berta (Egilea), Gómez Catalán, Luis (Egilea), Valenzuela M., Domingo (Egilea)
Formatua: Liburua
Hizkuntza:gaztelania
Argitaratua: Santiago Zig Zag 1973
Edizioa:2a. ed
Gaiak:
Etiketak: Etiketa erantsi
Etiketarik gabe, Izan zaitez lehena erregistro honi etiketa jartzen!

MARC

LEADER 00000nam a2200000 a 4500
001 UCO8422
003 CL-VaPUC
008 001207e19730000CL |||||||||||||||||spa|d
082 0 4 |a 372.4  |b RIQ  |2 21 
100 0 |a Riquelme S., Berta  |e author  |9 453358 
700 |a Gómez Catalán, Luis  |e author  |9 567708 
700 0 |a Valenzuela M., Domingo  |e author  |9 453360 
245 1 0 |a Lea en colores 
250 |a 2a. ed 
300 |a 111 p 
942 |c BK 
945 |d 20001207 00:00:00  |a vberengu 
260 |a Santiago  |b Zig Zag  |c 1973 
650 0 |a Lectura  |9 307634 
650 0 |a Enseñanza de la lectura  |9 308364 
650 0 |a Educación básica   |9 224933 
650 7 |a MATERIAL DE LECTURA  |2 CL-VaPUC  |9 335057 
583 |a last modification  |c 20001207 00:00:00  |k Rodrigo Vera 
999 |c 293083  |d 293081 
952 |0 0  |1 0  |4 0  |6 372_400000000000000_RIQ_1973  |7 0  |8 P  |9 344260  |a BIBEDU  |b BIBEDU  |c BIBEDU_PB  |d 2019-11-20  |i 3674444  |o 372.4 RIQ 1973  |p 3674444  |r 2024-01-25  |w 2019-11-20  |y BK  |k BME